header

Counselling for depression (Record no. 73999)

MARC details
000 -LEADER
fixed length control field 01224nam a2200325 a 4500
082 04 - DEWEY DECIMAL CLASSIFICATION NUMBER
Classification number 616.85/270651
100 1# - MAIN ENTRY--AUTHOR NAME
Personal name Gilbert, Paul.
245 10 - TITLE STATEMENT
Title Counselling for depression
250 ## - EDITION STATEMENT
Edition statement 2nd ed.
260 ## - PUBLICATION, DISTRIBUTION, ETC. (IMPRINT)
Place of publication London ;
-- Thousand Oaks :
Name of publisher Sage Publications,
Year of publication 2000.
300 ## - PHYSICAL DESCRIPTION
Number of Pages x, 228 p. :
Other physical details ill.
490 1# - SERIES STATEMENT
Series statement Counselling in practice
650 #0 - SUBJECT ADDED ENTRY--TOPICAL TERM
Topical Term Depressed persons
856 40 - ELECTRONIC LOCATION AND ACCESS
Uniform Resource Identifier http://site.ebrary.com/lib/rucke/Doc?id=10076760

No items available.

© 2026 Rongo University
Contact us: librarian | system librarian | Rongo university